000 01315nam a2200373 i 4500
003 EG-ScBUE
005 20230524113314.0
008 200219t2015 ua ab f 000 0 eng d
020 _a9789775864208
040 _aEG-ScBUE
_beng
_erda
_cEG-ScBUE
_dEG-ScBUE
043 _af-ua---
082 0 4 _222
_a962.16
_bSEI
100 1 _aSeif, Ola,
_eauthor of introduction, etc.
245 1 0 _aDowntown Cairo /
_cforeword and notes by Ola Seif, edited by Sherif Boraie.
264 1 _aCairo :
_bZeitouna,
_c[2015]
264 2 _aEgypt :
_bDar el-Kutub
264 4 _cc2015
300 _a94 pages :
_bcolor illustrations, color maps ;
_c25 cm
336 _atext
_btxt
_2rdacontent
337 _aunmediated
_bn
_2rdamedia
338 _avolume
_bnc
_2rdacarrier
546 _aText in English and Arabic.
650 7 _aHistoric buildings
_zEgypt
_zCairo
_vPictorial works.
_2BUEsh
650 7 _aCentral business districts
_zEgypt
_zCairo
_vPictorial works.
_2BUEsh
651 7 _aCairo (Egypt)
_vPictorial works.
_2BUEsh
655 _vReading book
700 1 _aBoraįe, Sherif,
_eeditor.
880 3 1 _6246-01/r
_a(3)4hSW GdHdO(B
880 1 _6700-02/r
_a(3)4Sja, YdG.(B
880 1 _6700-03/r
_a(3)4YRH, QTG.(B
880 1 _6700-04/r
_a(3)4HQYj, TQja.(B
942 _2ddc
_cBB
999 _c30447
_d30418